000 00531nam a2200193 a 4500
001 1771666395135
003 YourLibrary
005 20260221150457.0
008 260221s1999##################000#0#eng##
020 _a9780521664714
082 0 4 _a338.6420
_bWHI
100 1 _aWhittaker, D. H.,
_eauthor.
245 1 0 _aSmall Firms in the Japanese Economy :
260 _bCambridge University Press,
_c1999.
300 _a254 pages
650 0 _aBusiness & Economics.
942 _cENGLISH
040 _aYourLibrary
_beng
_cYourLibrary
999 _c615380
_d615380